Constitutionalism in the Netherlands : (The Dutch contributions to the fourth World Congress of the International Association of Constitutional Law in Tokyo, September 1995)
সংরক্ষণ করুন:
| বিন্যাস: | গ্রন্থ |
|---|---|
| ভাষা: | Undetermined |
| প্রকাশিত: |
Groningen, The Netherlands
Groningen University Press
1995
|
| বিষয়গুলি: | |
| ট্যাগগুলো: |
ট্যাগ যুক্ত করুন
কোনো ট্যাগ নেই, প্রথমজন হিসাবে ট্যাগ করুন!
|
| Thư viện lưu trữ: | Trung tâm Học liệu Trường Đại học Cần Thơ |
|---|
| LEADER | 00628nam a2200181Ia 4500 | ||
|---|---|---|---|
| 001 | CTU_27184 | ||
| 008 | 210402s9999 xx 000 0 und d | ||
| 020 | |c 65 | ||
| 082 | |a 342 | ||
| 082 | |b C756 | ||
| 245 | 0 | |a Constitutionalism in the Netherlands : | |
| 245 | 0 | |b (The Dutch contributions to the fourth World Congress of the International Association of Constitutional Law in Tokyo, September 1995) | |
| 260 | |a Groningen, The Netherlands | ||
| 260 | |b Groningen University Press | ||
| 260 | |c 1995 | ||
| 650 | |a Constitutional law | ||
| 904 | |i Minh, Giang sửa | ||
| 980 | |a Trung tâm Học liệu Trường Đại học Cần Thơ | ||